000 00820nam a2200169 a 4500
008 210325s2015 ||||||||||||||||| || u
050 _aLIAZ(05)LIAZJ/2015/2/1&2
110 _aLibrary and Information Association of Zambia(LIAZ)
245 1 0 _aLibrary and Information Association Journal Volume 2 Number 1&2 2015
_cBy Library and Information association of Zambia(LIAZ)
260 _aLusaka
_bLibrary and information Association of Zambia(LIAZ)
_c2015
300 _aiv, 62 pages : illustrations
650 _aLIBRARIES -- ZAMBIA
650 _aLIBRARY AND INFORMATION ASSOCIATION OF ZAMBIA--PERIODICALS
650 _aLIBRARIES
650 _aLIBRARIES--ZAMBIA--PERIODICALS
995 _FCBU-MAIN LIBRARY (Kitwe)
_M1
_UAVAILABLE
_WOct 8, 2021
_ZUniversity Collection
999 _c49169
_d49169